01639nab a22002657a 4500999001500000003000400015005001700019008004100036040000700077100002700084245017400111260007200285300001500357500003500372505048300407505009000890650002600980650003001006650004501036650004401081650004901125700004701174773013901221942001301360 c5326d5326OSt20250220115540.0190605e xxu||||| |||| 00| 0 spa d cPJ 96373aForconi, Ignacio13aAlianzas estratégicas en seguridad y salud laboral. Un enfoque integral para la prevención y bienestar en el trabajo /cIgnacio Forconi, Victoria García Huidobro. aCiudad Autónoma de Buenos Aires :bThomson Reuters La Ley,c2025. ap. 156-175 aCita Online: AR/DOC/3133/2024. aSumario: I. Introducción.— II. Vulnerabilidad de los trabajadores y de los usuarios y consumidores. Análisis comparativo de los arts. 20 de la ley 20.744 y 53 de la ley 24.240.— III. Reflexiones sobre los alcances del beneficio de justicia gratuita y el principio de gratuidad.— IV. Desafíos en el acceso a la justicia: El fallo "Cantos" de la Corte Interamericana de Derechos Humanos y la postura de la Corte Suprema de Justicia de la Nación.— V. Conclusión.  t¿Te interesa el texto completo? Solicitalo al correo: koha@justierradelfuego.gov.ar  091316aDERECHO LABORAL 091430aRIESGOS DEL TRABAJO 095144aASEGURADOR POR RIESGOS DEL TRABAJO 096375aHIGIENE Y SEGURIDAD EN EL TRABAJO 094925aORGANIZACION INTERNACIONAL DEL TRABAJO 96374aGarcía Huidobro, Victoriaecoautor0 0271193168dCiudad Autónoma de Buenos Aires : Thomson Reuters La Ley, 1999-2002.tRevista de derecho del trabajo. Nº 1 - Enero 2025 2udccANA